Gaming Quiz

Random Gaming or World Quiz

Candy Crush Dreamworld Episodes Quiz Stats

 Plays Quiz not verified by Sporcle

Challenge
Share
Tweet
Embed
Score 0/45 Timer 06:00
0 Plays Today
Episode Number Episode Title % Correct
1Sleepy Slopes
66.7%
2Funky Factory
50%
29Bubbly Bog
50%
45Dozy Dawn
50%
3Honey Hot Tub
33.3%
4Aurora Chocorealis
33.3%
5Lollipop Lanterns
33.3%
6Twighlight Egg
16.7%
7Crazy Crossing
16.7%
8Nerdy Nebula
16.7%
9Bonbon Baths
16.7%
10Sparkle Submarine
16.7%
11Cookie Cabana
16.7%
12Dizzy Dessert
16.7%
13Cotton Carnival
16.7%
14Tiki Fiesta
16.7%
15Sweet Dreams
16.7%
16Sleepy Sunrise
16.7%
17Funny Farm
16.7%
18Marshmallow Madness
16.7%
19Blooming Bakery
16.7%
20Funky Fortress
16.7%
21Jurrasic Jaws
16.7%
Episode Number Episode Title % Correct
22Coral Corral
16.7%
23Zany Ziggurat
16.7%
24Moonshot Molars
16.7%
25Bonkers Bakery
16.7%
26Candy Kaiju
16.7%
27Fanciful Fort
16.7%
28Rambunctious Riffs
16.7%
30Tiggly Gym
16.7%
31Starlight Station
16.7%
32Snoozy Slopes
16.7%
33Extraordinary Estate
16.7%
34Sprinke Springs
16.7%
35Gelato Grotto
16.7%
36Sweet Beat
16.7%
37Surreal Safari
16.7%
38Charming Carnival
16.7%
39Snoozy Strike
16.7%
40Playful Pavilion
16.7%
41Twighlight Tulips
16.7%
42Whimsical Waves
16.7%
43Banana Bliss
16.7%
44Nocturnal Nuisance
16.7%

You're not logged in!

Compare scores with friends on all Sporcle quizzes.
Join for Free
OR
Log In

You Might Also Like...

Show Comments

Extras

Created Jun 22, 2016ReportNominate
Tags:World Quiz, candy, crush, episode

Top Quizzes Today


Score Distribution

Your Account Isn't Verified!

In order to create a playlist on Sporcle, you need to verify the email address you used during registration. Go to your Sporcle Settings to finish the process.

Report this User

Report this user for behavior that violates our Community Guidelines.

Details: